Financiamiento para una empresa beneficiadora de cebada en Singuilucan, Hidalgo / (Record no. 220311)
[ view plain ]
| 000 -CABECERA | |
|---|---|
| campo de control de longitud fija | 01424nam a2200349 a 4500 |
| 003 - IDENTIFICADOR DEL NÚMERO DE CONTROL | |
| campo de control | CHAP |
| 005 - FECHA Y HORA DE LA ÚLTIMA TRANSACCIÓN | |
| campo de control | 20241216112451.0 |
| 007 - CAMPO FIJO DE DESCRIPCIÓN FÍSICA--INFORMACIÓN GENERAL | |
| campo de control de longitud fija | ta |
| 008 - DATOS DE LONGITUD FIJA--INFORMACIÓN GENERAL | |
| campo de control de longitud fija | 241216s2007 mx o|||frm||| 001 0 spa d |
| 040 ## - FUENTE DE LA CATALOGACIÓN | |
| Centro catalogador/agencia de origen | CHAP |
| Centro/agencia transcriptor | mxchpua |
| 041 0# - CÓDIGO DE LENGUA | |
| Código de lengua del texto/banda sonora o título independiente | spa |
| Código de lengua del sumario o resumen | eng |
| 090 ## - LOCALMENTE ASIGNADO TIPO-LC NÚMERO DE CLASIFICACIÓN (OCLC); NÚMERO DE CLASIFICACIÓN LOCAL (RLIN) | |
| Número de clasificación (OCLC) (R) ; Numero de clasificación, CALL (RLIN) (NR) | Tesis |
| Número cutter local (OCLC) ; Número de libro/Signatura topográfica íntegra, CALL (RLIN) | G354 |
| año | 2007 |
| 100 1# - ENTRADA PRINCIPAL--NOMBRE DE PERSONA | |
| Nombre de persona | Gallardo Orta, Rafael |
| 240 1# - TÍTULO UNIFORME | |
| Título uniforme | Financing for a selector company of barley in Singuilucan, Hidalgo. |
| Lenguaje de la obra | Español |
| 245 10 - MENCIÓN DE TÍTULO | |
| Título | Financiamiento para una empresa beneficiadora de cebada en Singuilucan, Hidalgo / |
| Mención de responsabilidad, etc. | Rafael Gallardo Orta |
| 264 ## - PRODUCCIÓN, PUBLICACIÓN, DISTRIBUCIÓN, FABRICACIÓN Y COPYRIGHT | |
| Producción, publicación, distribución, fabricación y copyright | Chapingo, México : |
| Nombre del de productor, editor, distribuidor, fabricante | El autor, |
| Fecha de producción, publicación, distribución, fabricación o copyright | 2007 |
| 300 ## - DESCRIPCIÓN FÍSICA | |
| Extensión | iv, 62 hojas : |
| Otras características físicas | diagramas, tablas, fotos |
| 336 ## - TIPO DE CONTENIDO | |
| Fuente | rdacontent |
| Término de tipo de contenido | texto |
| Código de tipo de contenido | txt |
| 337 ## - TIPO DE MEDIO | |
| Fuente | rdamedia |
| Nombre/término del tipo de medio | sin medio |
| Código del tipo de medio | n |
| 338 ## - TIPO DE SOPORTE | |
| Fuente | rdacarrier |
| Nombre/término del tipo de soporte | volumen |
| Código del tipo de soporte | nc |
| 502 ## - NOTA DE TESIS | |
| Nota de tesis | Memoria de Experiencia Profesional |
| Tipo de título | (Ingeniero Agroindustrial) -- |
| Nombre de la institución que otorga el título | UACh. Departamento de Ingeniería Agroindustrial, |
| Año de obtención del título | 2007 |
| 504 ## - NOTA DE BIBLIOGRAFÍA, ETC. | |
| Nota de bibliografía, etc. | Bibliografía: hojas 60-62 |
| 650 17 - PUNTO DE ACCESO ADICIONAL DE MATERIA--TÉRMINO DE MATERIA | |
| Término de materia o nombre geográfico como elemento de entrada | Cebada |
| Fuente del encabezamiento o término | atg |
| Subdivisión general | Depósitos |
| Subdivisión geográfica | México |
| -- | Hidalgo |
| 650 13 - PUNTO DE ACCESO ADICIONAL DE MATERIA--TÉRMINO DE MATERIA | |
| Término de materia o nombre geográfico como elemento de entrada | Iniciativa empresarial |
| Subdivisión geográfica | México |
| -- | Hidalgo |
| Fuente del encabezamiento o término | atg |
| 650 13 - PUNTO DE ACCESO ADICIONAL DE MATERIA--TÉRMINO DE MATERIA | |
| Término de materia o nombre geográfico como elemento de entrada | Barley |
| Fuente del encabezamiento o término | atg |
| Subdivisión general | Storehouses |
| Subdivisión geográfica | Mexico |
| -- | Hidalgo |
| 650 13 - PUNTO DE ACCESO ADICIONAL DE MATERIA--TÉRMINO DE MATERIA | |
| Término de materia o nombre geográfico como elemento de entrada | Entrepreneurship |
| Subdivisión geográfica | México |
| -- | Hidalgo |
| Fuente del encabezamiento o término | atg |
| 700 1# - PUNTO DE ACCESO ADICIONAL--NOMBRE DE PERSONA | |
| Nombre de persona | Reyna Izaguirre, Diana América |
| Término indicativo de función/relación | directora |
| 700 1# - PUNTO DE ACCESO ADICIONAL--NOMBRE DE PERSONA | |
| Nombre de persona | Ponce Hernández, Pedro |
| Término indicativo de función/relación | asesor |
| 700 1# - PUNTO DE ACCESO ADICIONAL--NOMBRE DE PERSONA | |
| Nombre de persona | Altamirano Cárdenas, J. Reyes |
| Término indicativo de función/relación | asesor |
| 901 ## - ELEMENTOS DE DATOS A LOCAL LDA (RLIN) | |
| a | Tesis G354 2007 |
| 942 ## - ELEMENTOS DE PUNTO DE ACCESO ADICIONAL (KOHA) | |
| Fuente del sistema de clasificación o colocación | Clasificación Universidad Autónoma Chapingo |
| Tipo de ítem Koha | Tesis |
| Estado de retiro | Estado de pérdida | Fuente del sistema de clasificación o colocación | Estado dañado | Restricciones de uso | No para préstamo | Código de colección | Localización permanente | Ubicación/localización actual | Fecha de adquisición | Fuente de adquisición | Total de préstamos | Signatura topográfica completa | Código de barras | Fecha visto por última vez | Número de copia | Precio válido a partir de | Tipo de ítem Koha | Ubicación en estantería |
|---|---|---|---|---|---|---|---|---|---|---|---|---|---|---|---|---|---|---|
| Clasificación Universidad Autónoma de Chapingo | Préstamo interno | Tesis | Ingenieria Agroindustrial | Ingenieria Agroindustrial | 16/12/2024 | El autor | Tesis G354 2007 | 1101015102 | 02/02/2026 | Ej. 1 | 16/12/2024 | Tesis | ||||||
| Clasificación Universidad Autónoma de Chapingo | Préstamo 5 días | Tesis | Ingenieria Agroindustrial | Ingenieria Agroindustrial | 16/12/2024 | El autor | Tesis G354 2007 | 1101015103 | 02/02/2026 | Ej. 2 | 16/12/2024 | Tesis | ||||||
| Clasificación Universidad Autónoma de Chapingo | Tesis digitales de Licenciatura | Ingenieria Agroindustrial | Ingenieria Agroindustrial | 16/12/2024 | El autor | 1201015102 | 16/12/2024 | 16/12/2024 | Tesis digital | En línea |
